Culture Générale - Série 1330 - Statistiques

Statistiques générales
  • Ce quiz a été pris 89 fois
  • Le résultat moyen est 5 sur 10
Statistiques - réponses
Question Réponse % Correct
Quel petit animal à longues oreilles peut être "de clapier", "angora" ou "de garenne" ? lapin
96%
Quel tubercule est la grenaille de Noirmoutier ? pomme de terre
90%
Quelle ville de Suisse est appelée Basel en allemand ? Bâle
67%
Quelle est la capitale du Bangladesh ? Dacca
65%
Quel explorateur italien fait le récit de ses voyages en Asie dans "Le Devisement du monde" ? Marco Polo
65%
Quel artiste américain d'origine bulgare est célèbre pour ses "empaquetages" de grands monuments ? Christo
30%
Qui a fondé l'École nationale du cirque en 1972 avec son mari Pierre Étaix ? Annie Fratellini
19%
Quel comédien, prénommé Jean-Claude, incarnait le commissaire Valentin, dans la série télévisée “Les Brigades du Tigre” ? Jean-Claude Bouillon
18%
Quel est le nom du personnage biblique, neveu d'Abraham, dont la femme fut transformée en statue de sel ? Loth
17%
Quel groupe a fait un tube avec "Nights In White Satin", en 1967 ? The Moody Blues
13%
Aucun quiz correspondant
Distribution des résultats
% des personnes avec chaque résultat
Percentile par nombre de réponses
Votre historique - résultats
Vous n’avez pas pris ce quiz